| 000 | 00652 a2200181 4500 | ||
|---|---|---|---|
| 999 |
_c9046 _d9046 |
||
| 020 | _a9781784730130 | ||
| 050 | _aKF3300 HAN 2014 | ||
| 100 |
_aSnaith, Ian _eeditor |
||
| 245 |
_aHandbook of co-operative and community benefit society law / _cIan Snaith |
||
| 250 | _a2nd ed. | ||
| 264 |
_aBristol BS1 : _bJordan Publishing, _c2014. |
||
| 300 | _a382p. : | ||
| 500 | _aIncludes index | ||
| 650 | _aCooperative societies -- Law and legislation -- Great Britain. | ||
| 650 | _aSavings and loan associations -- Law and legislation -- Great Britain. | ||
| 650 | _aCooperative societies -- Law and legislation. | ||
| 942 |
_2lcc _cBK _e2nd ed. _h3300 _iHAN _kKF |
||